Eutifron, o de la piedad
Gespeichert in:
| 1. Verfasser: | |
|---|---|
| Weitere Verfasser: | |
| Format: | Buch |
| Sprache: | Spanisch |
| Veröffentlicht: |
Buenos Aires
EUDEBA
1980
|
| Ausgabe: | 4a. ed |
| Schriftenreihe: | Biblioteca de iniciación filosófica
|
| Schlagworte: | |
| Tags: |
Tag hinzufügen
Keine Tags, Fügen Sie den ersten Tag hinzu!
|
MARC
| LEADER | 00000nam a2200000 a 4500 | ||
|---|---|---|---|
| 001 | UCY6249 | ||
| 003 | CL-VaPUC | ||
| 005 | 20220319074501.0 | ||
| 008 | 950521e19800000AG |||||||||||||||||spa|d | ||
| 999 | |c 233828 |d 233826 | ||
| 040 | |c Pontificia Universidad Católica de Valparaíso | ||
| 082 | 0 | 4 | |a 184 |b PLA |2 21 |
| 100 | 0 | |a Platón |e author |9 222 | |
| 245 | 1 | 0 | |a Eutifron, o de la piedad |
| 250 | |a 4a. ed | ||
| 260 | |a Buenos Aires |b EUDEBA |c 1980 | ||
| 300 | |a 68 p | ||
| 490 | 0 | |a Biblioteca de iniciación filosófica | |
| 583 | |a last modification |c 19950521 00:00:00 |k Rodrigo Vera | ||
| 650 | 0 | |a Filosofía |9 223554 | |
| 650 | 0 | |a Ética |9 255099 | |
| 650 | 0 | |a Política |9 255312 | |
| 650 | 0 | |a Filosofía del espíritu |9 320175 | |
| 651 | 0 | |a Grecia |9 265314 | |
| 700 | |a Miguez, José Antonio |e traductor |9 863744 | ||
| 942 | |c BK |2 ddc | ||
| 945 | |d 19950521 00:00:00 |a oaravena | ||
| 952 | |0 0 |1 0 |4 0 |6 184_000000000000000_PLA_1980 |7 0 |8 R |9 239600 |a BIBEDU |b BIBEDU |c MCIRC |d 2019-11-18 |i 1506188 |o 184 PLA 1980 |p 1506188 |r 2023-01-13 |w 2019-11-18 |y BK_R |k FIL | ||